000
00444 a2200205 4500
260
_a
Paris
260
_b
Masson
245
_a
Thérapeutiques médicales non médicamenteuses
100
_a
Boissier, C.
700
_a
Guilmot, J-L
700
_a
Queneau, P.
260
_c
1998
300
_a
300 p.
035
_a
8613
035
_a
8614
035
_a
8615
999
_c
18213
_d
18213